Harry Potter quotes who said it? Quiz Stats

Quiz not verified by Sporcle

Also try: Harry Potter Books
Challenge
Share
Tweet
Embed
Score 0/20 Timer 03:00
0 Plays Today
% Correct
Luna Lovegood
92.8%
Hagrid
92.8%
Draco Malfoy
92.3%
Voldemort
91.8%
Dobby
91.3%
Arthur Weasley
89.2%
Severus Snape
85.6%
Dolores Umbridge
84.6%
Minerva McGonagall
82.6%
Hermione Granger
81.5%
% Correct
Neville Longbottom
81.5%
Bellatrix
81.5%
Albus Dumbledore
80.5%
Dudley Dursley
79%
Ron Weasley
71.3%
Harry Potter
67.7%
Sirius Black
62.6%
Ginny Weasley
60%
Mad Eye Moody
59.5%
Remus Lupin
46.7%

You're not logged in!

Compare scores with friends on all Sporcle quizzes.
Join for Free
OR
Log In

You Might Also Like...

Show Comments

Extras

Top Quizzes Today


Score Distribution

Your Account Isn't Verified!

In order to create a playlist on Sporcle, you need to verify the email address you used during registration. Go to your Sporcle Settings to finish the process.

Report this User

Report this user for behavior that violates our Community Guidelines.

Details: